| 000 | 01953nam0a2200325 i 4500 | ||
|---|---|---|---|
| 001 | RU\NLR\bibl\1981191 | ||
| 005 | 20260408091426.0 | ||
| 010 |
_a9785891185951 _9400 |
||
| 021 |
_aRU _b2012-93203 _96906 |
||
| 035 | _a(NLR Aleph) 001969874 | ||
| 090 |
_a3940669 _c3940669 |
||
| 100 | _a20121220d2012 u y0rusy50 ca | ||
| 101 | 1 |
_arus _ceng |
|
| 102 | _aRU | ||
| 105 | _aa ||||||||| | ||
| 200 | 1 |
_aПограничные слои атмосферы _eприрода, теория и приложения к моделированию и охране окружающей среды _e[сборник докладов конференции НАТО в Дубровнике, Хорватия, 18-22 апреля 2006 года] _fред.: А. Бакланов, Б. Гризогоно _g[пер. с англ. и ред. д.г.н. Н.А. Зайцевой _gнауч. ред. акад.: Г.С. Голицын] |
|
| 210 |
_aМосква _cГЕОС _d2012 |
||
| 215 |
_a259 с. _cил., цв. ил. _d25 |
||
| 320 | _aБиблиогр. в конце докл. | ||
| 606 |
_aАтмосфера _jСъезды, совещания и т.п. _xПограничный слой _92601751 _3RU\NLR\auth\661538309 |
||
| 686 | _aД242.147.32я431 | ||
| 686 | _aД242.8я431 | ||
| 702 | 1 |
_aБакланов _bА. _4340 |
|
| 702 | 1 |
_4340 _7ca _8rus _aГолицын _bГ. С. _cд-р физ.-мат. наук _f1935- _gГеоргий Сергеевич _9268149 _3RU\NLR\AUTH\770268205 |
|
| 711 | 1 | 2 |
_aМеждународная конференция на тему "Атмосферные пограничные слои: моделирование и приложения к проблемам безопасности окружающей среды" _f2006 _eДубровник _3RU\NLR\AUTH\8810230345 _9345701 |
| 801 | 0 |
_aRU _bNLR _c20121220 _gRCR |
|
| 801 | 1 |
_aRU _bNLR _c20121220 |
|
| 942 | _cBOOK | ||
| 980 | _aNBR | ||